Cội nguồn và bản sắc văn hóa Việt Nam

Nghiên cứu về các vấn đề: Văn hóa và bản sắc văn hóa, văn hóa Việt Nam trong nền cảnh văn hóa phương Đông, văn hóa Việt Nam trong bối cảnh văn hóa phương Đông, trục thể của văn hóa Việt Nam, trục không gian - thời gian của văn hóa Việt Nam, loại hình văn hóa Việt Nam, tích hợp văn hóa theo không gia...

Cijeli opis

Spremljeno u:
Bibliografski detalji
Glavni autor: Huỳnh, Công Bá
Daljnji autori: Huỳnh Công Bá
Jezik:Undetermined
Izdano: Huế Thuận Hóa 2012
Teme:
Oznake: Dodaj oznaku
Bez oznaka, Budi prvi tko označuje ovaj zapis!
Thư viện lưu trữ: Trung tâm Học liệu Trường Đại học Trà Vinh
LEADER 01096nam a2200241Ia 4500
001 TVU_18821
008 210423s9999 xx 000 0 und d
041 |a Vie 
082 |a 959.7 
082 |b B100 
100 |a Huỳnh, Công Bá 
245 0 |a Cội nguồn và bản sắc văn hóa Việt Nam 
245 0 |c Huỳnh Công Bá 
260 |a Huế 
260 |b Thuận Hóa 
260 |c 2012 
300 |a 446 tr. 
300 |c 24 cm 
504 |a Thư mục tham khảo: tr. 431 - 440 
520 |a Nghiên cứu về các vấn đề: Văn hóa và bản sắc văn hóa, văn hóa Việt Nam trong nền cảnh văn hóa phương Đông, văn hóa Việt Nam trong bối cảnh văn hóa phương Đông, trục thể của văn hóa Việt Nam, trục không gian - thời gian của văn hóa Việt Nam, loại hình văn hóa Việt Nam, tích hợp văn hóa theo không gian - thời gian, bản sắc dân tộc của văn hóa Việt Nam 
650 |a Lịch sử; Lịch sử Việt Nam 
700 |a Huỳnh Công Bá 
980 |a Trung tâm Học liệu Trường Đại học Trà Vinh